Central Library OPAC University of Rajshahi

Principles of biomedical ethics / (Record no. 56601)

MARC details
000 -LEADER
fixed length control field 00875nam a2200289 a 4500
001 - CONTROL NUMBER
control field 56601
003 - CONTROL NUMBER IDENTIFIER
rucl marc code BD-RjUL
005 - DATE AND TIME OF LATEST TRANSACTION
control field 20211209080420.0
008 - FIXED-LENGTH DATA ELEMENTS--GENERAL INFORMATION
fixed length control field 930621s1994 nyu b 001 0 eng
020 ## - INTERNATIONAL STANDARD BOOK NUMBER
International Standard Book Number 0195085361 (acidfree paper)
International Standard Book Number 019508537X (pbk.)
035 ## - SYSTEM CONTROL NUMBER
System control number (BD-RjUL)56725
040 ## - CATALOGING SOURCE
Original cataloging agency DLC
Transcribing agency DLC
Modifying agency BD-RjUL
Language of cataloging eng
041 ## - LANGUAGE CODE
Language code of text/sound track or separate title eng
082 00 - DEWEY DECIMAL CLASSIFICATION NUMBER
Classification number 174.2
Edition number 23
Author mark and year BEP 1979
100 1# - MAIN ENTRY--PERSONAL NAME
Personal name Beauchamp, Tom L.
9 (RLIN) 138946
245 10 - TITLE STATEMENT
Title Principles of biomedical ethics /
Statement of responsibility, etc. Tom L. Beauchamp, James F. Childress.
250 ## - EDITION STATEMENT
Edition statement 4th ed.
260 ## - PUBLICATION, DISTRIBUTION, ETC. (IMPRINT)
Place of publication, distribution, etc. New York :
Name of publisher, distributor, etc. Oxford University Press,
Date of publication, distribution, etc. 1997.
300 ## - PHYSICAL DESCRIPTION
Pagination x, 546 p. ;
Size 24 cm.
504 ## - BIBLIOGRAPHY, ETC. NOTE
Bibliography, etc Includes bibliographical references and index.
650 #0 - SUBJECT ADDED ENTRY--TOPICAL TERM
Topical term or geographic name as entry element Medical ethics.
9 (RLIN) 138947
Topical term or geographic name as entry element Ethics, Medical.
9 (RLIN) 168347
700 1# - ADDED ENTRY--PERSONAL NAME
Personal name Childress, James F.
942 ## - ADDED ENTRY ELEMENTS (KOHA)
Source of classification or shelving scheme Dewey Decimal Classification
Koha item type Books
Holdings
Lost status Source of classification or shelving scheme Damaged status Not for loan Collection code Permanent Location Current Location Shelving location Date acquired Source of acquisition Cost, normal purchase price Total Checkouts Full call number Date last seen Copy number Koha item type
  Dewey Decimal Classification   Not For Loan Non-fiction Central Library, University of Rajshahi Central Library, University of Rajshahi Reading Room 26/02/2006 dhaka, paragon Enterprice ltd. 33.00   174.2 BEP 1979 01/12/2016 C-1 Books